| 000 | 00530nam a2200181 a 4500 | ||
|---|---|---|---|
| 001 | 5641 | ||
| 003 | CDMR | ||
| 005 | 20131028132111.0 | ||
| 008 | 130130s1988||||||||||||||||||||||||||||d | ||
| 020 | _a8475961363 | ||
| 040 |
_aCDMR _bcat _cCPC GIRONA |
||
| 110 | 2 |
_92617 _aDiari de Barcelona |
|
| 245 | 3 |
_aUn model de llengua pels mitjans de comunicació _b: llibre d'estil del Diari de Barcelona |
|
| 250 | _a3a ed. | ||
| 260 |
_c1988 _bEmpúries _aBarcelona |
||
| 610 | 2 |
_92617 _aDiari de Barcelona _vManuals d'estil |
|
| 942 |
_cMON _2udc |
||
| 999 |
_c5641 _d5641 |
||